000 00380nam a2200133Ia 4500
008 220217s9999||||xx |||||||||||||| ||und||
020 _a81-224-0233-X
082 _a004.165 STE
100 _aSteinbock, Hans
_93982
245 0 _aIntroduction to microcomputer: seimens series
260 _aWiley eastern limited
_bNew Delhi
_c1991
300 _b40
650 _aMICROPROCESSOR
999 _c173301
_d173301